000 00540nam a22001817a 4500
999 _c4511
_d4511
003 GBCCL
005 20241126110520.0
008 180123b xxu||||| |||| 00| 0 eng d
020 _a0802444814
040 _cgbc
082 _a220.07
_a227.83061
_bJEN
100 _aJensen, Irving L.
_97323
245 _a1 & 2 Timothy and Titus:
_b A self-study guide /
_cIrving L. Jensen
260 _bMoody Press,
_aChicago:
_c1973
300 _a103 p.;
_bill.,
_c23 cm.
650 _aBible
_v1&2 Timothy and Titus
_xstudy and teaching
_99068
942 _2ddc
_cBK